00886 a2200193 4500001000500000005001700005008004100022003001500063040004000078080009200118245004100210020001800251264003400269300001800303505021700321041000800538100002900546856011700575306920260407155424.0260407a2005 arg spa dAR-UNSa-BCEJYS aAR-UNSa-BCEJYSbspacAR-UNSa-BCEJYS a336.226.111xImpuestos sobre ingresos totales (Ingresos brutos - Convenio Multilateral)10aConvenio multilateralpversión 1.2 a987-01-0433-9 1aBuenos Aires :bErreparc2005 a75 p.c27 cm. a1. Ambito de aplicación del convenio - 2. Régimen general - 3. Regímenes especiales - 4. Iniciación y cese de actividades - 5. Organismos de aplicación - 6. Disposiciones varios - 7. Protocolo adicional aspa1 aCeldeiro, Ernesto Carlos41uhttps://biblioeco.unsa.edu.ar/pmb/images/libros/Convenio Multilateral-l116026.jpgyImagen de portadaqimage/jpeg